Les coéquipiers français de Lewandowski - Statistiques

Statistiques générales
  • Ce quiz a été pris 162 fois
  • Le résultat moyen est 6 sur 11
Statistiques - réponses
Équipe Poste Temps de jeu ensemble (en minutes) Joueur % Correct
Bayern Munich Attaquant 7 795 Franck Ribéry
87%
Barcelone Attaquant 1 761 Ousmane Dembélé
80%
Bayern Munich Défenseur 8 533 Benjamin Pavard
74%
Bayern Munich Attaquant 12 749 Kingsley Coman
74%
Barcelone Défenseur 8 497 Jules Koundé
73%
Bayern Munich Milieu 5 098 Corentin Tolisso
68%
Bayern Munich Défenseur 5 529 Lucas Hernandez
67%
Bayern Munich Défenseur 2 904 Dayot Upamecano
51%
Bayern Munich Milieu 250 Michaël Cuisance
25%
Bayern Munich Défenseur 797 Tanguy Nianzou
9%
Dortmund Milieu 52 Damien Le Tallec
2%
Aucun quiz correspondant
Distribution des résultats
% des personnes avec chaque résultat
Percentile par nombre de réponses
Votre historique - résultats
Vous n’avez pas pris ce quiz